000 00897cam a2200205 4500
001 ABS60776
008 000000n1999 000 0 eng u
035 _a(Sirsi) u101272
100 _aCooper, M.
245 _aHigh street values to be hit as shoppers buy from home.
260 _c1999
490 _aEstates Gazette
_v(9923) 12 June 1999, 61(1)
520 _aConsiders the impact of internet shopping on the property industry, suggesting that it could take sales away from store-based retailers and thus reduce the value of retail property. Research by FPD Savills suggests, however, that demand for warehousing from retailers moving to selling over the internet could be as much as 743,200sqm.
650 _aRETAIL PROPERTY
650 _aE-COMMERCE
650 _aINTERNET
650 _aRETAIL PROPERTY
690 _aMANAGEMENT-BUSINESS MANAGEMENT-INFORMATION MANAGEMENT
942 _n0
999 _c60425
_d60425